Délmagyarország. - 1952. február 22., Péntek
Elmentve itt :
| Dokumentumtípus: | Újság |
|---|---|
| Megjelent: |
1952-02-22
|
| Sorozat: | Délmagyarország
8 No. 44 |
| Online Access: | http://dmarchiv.bibl.u-szeged.hu/12473 |
| LEADER | 00488nas a2200145 i 4500 | ||
|---|---|---|---|
| 001 | delm12473 | ||
| 005 | 20200414160343.0 | ||
| 008 | 171214s1952 hu n o 0|| hun d | ||
| 022 | |a 0133-025X | ||
| 040 | |a SZTE Délmagyarország Archívum |b hun | ||
| 041 | |a hun | ||
| 245 | 0 | 0 | |a Délmagyarország. - 1952. február 22., Péntek |h [elektronikus dokumentum] |
| 260 | |c 1952-02-22 | ||
| 490 | 0 | |a Délmagyarország |v 8 No. 44 | |
| 856 | 4 | 0 | |u http://dmarchiv.bibl.u-szeged.hu/12473/1/dm_1952_044.pdf |z Dokumentum-elérés |